00786nam a2200217 a 450000100100000000500170001000800410002702000150006804000250008304100130010808200150012110000350013624000420017124500830021326000510029630000260034750400300037370000350040395201130043899900170055100004301220201002040554.0140217s1988 enk 001 0 spa d a0226470849 aDO-SdBNPbspacBNPHU17aspaheng axxxxbxxxx1 aLe Goff, Jacques,d192496644110aL'imaginaire médiéval.lEspañol10aThe medieval imagination /cJacques Le Goff ; translated by Arthur Goldhammer. aChicago :bUniversity of Chicago Press,c1988. avii, 293 p. ;c23 cm. aBibliography : p. 243-27912aGoldhammer, Arthuretr.970532 001050718MOaGRbGRcCTd2014-02-17iLF1l0oxxxx xxxxp43012-10r2020-06-25w2020-06-25y1ZNo se presta c42501d42501